=LDR 00000nam 2200000 4500 =001 INLIS000000000030266 =005 20130612132427 =008 ***********************************Ind** =035 ##$$0010-061300000030266 =041 ##$$a Ind =082 ##$$a 621.381 =090 ##$$a 621.381, Ira p =100 ##$$a Irawan, Adimas Ari =245 ##$$a Peralatan ukur dan alat uji analog-digital, dapat membuat sendiri berbagai konstruksi, Adimas Ari Irawan =260 ##$$a 1996 $b Solo =300 ##$$a 128 hlm, ilus, 22 cm =650 ##$$a Alat Ukur dan Uji =850 ##$$a NBPNMAT